[Event "Crema op 16th"]
[Site "Crema"]
[Date "2015.09.04"]
[Round "2"]
[White "Bini, Massimo"]
[Black "Riboldi, Raffaele"]
[Result "1/2-1/2"]
[WhiteElo "1988"]
[BlackElo "1839"]
[PlyCount "32"]
[EventDate "2015.09.04"]
[EventType "swiss"]
[EventRounds "6"]
[EventCountry "ITA"]
[SourceTitle "EXT 2024"]
[Source "ChessBase"]
[SourceDate "2023.10.10"]
[SourceVersion "1"]
[SourceVersionDate "2023.10.10"]
[SourceQuality "1"]

1. d4 Nf6 2. Bf4 e6 3. e3 d5 4. Nd2 Be7 5. Bd3 b6 6. c3 Bb7 7. Ngf3 h6 8. Ne5 Nbd7 9. Qf3 c5 10. a4 0-0 11. g4 cxd4 12. exd4 Nxe5 13. Bxe5 Nd7 14. Bf4 f6 15. Qh3 e5 16. Be3 e4 1/2-1/2

[Event "Milan Befana op-B"]
[Site "Milan"]
[Date "2014.01.06"]
[Round "6"]
[White "Riboldi, Raffaele"]
[Black "Rossi, Giampiero"]
[Result "1/2-1/2"]
[WhiteElo "1895"]
[BlackElo "1877"]
[PlyCount "33"]
[EventDate "2014.01.02"]
[EventType "swiss"]
[EventRounds "7"]
[EventCountry "ITA"]
[SourceTitle "EXT 2015"]
[Source "ChessBase"]
[SourceDate "2014.11.20"]
[SourceVersion "1"]
[SourceVersionDate "2014.11.20"]
[SourceQuality "1"]

1. d4 d5 2. c4 e6 3. Nc3 c6 4. cxd5 exd5 5. Bf4 Bf5 6. e3 Nf6 7. Bd3 Bxd3 8. Qxd3 Nbd7 9. Nge2 Be7 10. Ng3 0-0 11. 0-0 Re8 12. Rab1 Nf8 13. b4 a6 14. a4 Ng6 15. Bg5 Ne4 16. Bxe7 Qxe7 17. Ngxe4 1/2-1/2

[Event "Vimercate op 6th"]
[Site "Vimercate"]
[Date "2012.11.24"]
[Round "2"]
[White "Riboldi, Raffaele"]
[Black "Solomon, Kenny"]
[Result "0-1"]
[WhiteElo "1907"]
[BlackElo "2445"]
[PlyCount "50"]
[EventDate "2012.11.23"]
[EventType "swiss"]
[EventRounds "5"]
[EventCountry "ITA"]
[SourceTitle "CBM 151 Extra"]
[Source "ChessBase"]
[SourceDate "2012.12.18"]
[SourceVersion "1"]
[SourceVersionDate "2012.12.18"]
[SourceQuality "1"]

1. d4 Nf6 2. c4 e6 3. Nc3 Bb4 4. a3 Bxc3+ 5. bxc3 c5 6. e3 Nc6 7. Bd3 b6 8. Ne2 0-0 9. e4 Ne8 10. 0-0 Ba6 11. f4 f5 12. exf5 exf5 13. Ng3 g6 14. Be3 cxd4 15. cxd4 d5 16. cxd5 Bxd3 17. dxc6 Bxf1 18. Qb3+ Rf7 19. Rxf1 Nf6 20. Rc1 Qd5 21. Qd3 Rc8 22. Bd2 Rxc6 23. Re1 Rd7 24. Bc3 Qc4 25. Re3 Nd5 0-1

[Event "Biella op-B 3rd"]
[Site "Biella"]
[Date "2012.09.28"]
[Round "1"]
[White "Riboldi, Raffaele"]
[Black "Calzolari, Marco"]
[Result "1-0"]
[WhiteElo "1877"]
[BlackElo "1701"]
[PlyCount "77"]
[EventDate "2012.09.28"]
[EventType "swiss"]
[EventRounds "5"]
[EventCountry "ITA"]
[SourceTitle "EXT 2024"]
[Source "ChessBase"]
[SourceDate "2023.10.10"]
[SourceVersion "1"]
[SourceVersionDate "2023.10.10"]
[SourceQuality "1"]

1. d4 Nf6 2. c4 c5 3. d5 b5 4. Nf3 b4 5. Nc3 g6 6. Na4 d6 7. b3 Bg7 8. Bb2 0-0 9. e3 Bd7 10. Bd3 Bxa4 11. bxa4 Qa5 12. 0-0 Nbd7 13. Bc2 Nb6 14. Nd2 Qa6 15. Bb3 Rad8 16. a3 bxa3 17. Rxa3 Nbd7 18. Qc2 e6 19. e4 exd5 20. cxd5 Rfe8 21. Bc4 Qb7 22. Bc3 a6 23. Rb1 Qa7 24. Rab3 Rb8 25. f3 Nb6 26. Bf1 Nbd7 27. Nc4 Rxb3 28. Rxb3 Rb8 29. Qb2 Rxb3 30. Qxb3 Ne8 31. Bxg7 Kxg7 32. a5 Ne5 33. Nxe5 dxe5 34. Qb6 Qxb6 35. axb6 Nd6 36. Bxa6 Kf6 37. b7 Nxb7 38. Bxb7 Ke7 39. Kf2 1-0

[Event "Milan Crespi op-B 32nd"]
[Site "Milan"]
[Date "2011.12.08"]
[Round "3"]
[White "Cattaneo, Marco"]
[Black "Riboldi, Raffaele"]
[Result "1-0"]
[WhiteElo "1973"]
[BlackElo "1887"]
[PlyCount "113"]
[EventDate "2011.12.07"]
[EventType "swiss"]
[EventRounds "7"]
[EventCountry "ITA"]
[SourceTitle "EXT 2022"]
[Source "ChessBase"]
[SourceDate "2021.10.06"]
[SourceVersion "1"]
[SourceVersionDate "2021.10.06"]
[SourceQuality "1"]

1. d4 Nf6 2. Nf3 e6 3. c4 b6 4. g3 Bb7 5. Bg2 d5 6. cxd5 exd5 7. 0-0 Be7 8. Nc3 0-0 9. Bf4 c6 10. Rc1 Nbd7 11. a3 Re8 12. b4 a5 13. Qb3 axb4 14. axb4 b5 15. Rfd1 Nb6 16. Nxb5 Nc4 17. Nc3 Ra3 18. Qb1 Qb6 19. b5 Qa5 20. bxc6 Bxc6 21. Ne5 Rxc3 22. Nxc6 Rxc1 23. Rxc1 Qa3 24. Nxe7+ Qxe7 25. Bf3 h6 26. Rc3 g5 27. Be3 Kg7 28. Qc1 Ne4 29. Rb3 f5 30. Bxe4 fxe4 31. Qb1 Rd8 32. Rb7 Rd7 33. Rxd7 Qxd7 34. Qb8 Qe7 35. Qb5 Qe6 36. Bc1 e3 37. fxe3 Nxe3 38. Qb7+ Kf6 39. Qb8 Kg6 40. Qb1+ Kg7 41. Qd3 Nc4 42. Bd2 Qe4 43. Qxe4 dxe4 44. Bb4 e3 45. g4 Kg6 46. Kg2 h5 47. h3 h4 48. Kf3 Nb6 49. Bd6 Nc4 50. Bc5 Kf6 51. d5 Ke5 52. Bxe3 Nxe3 53. Kxe3 Kxd5 54. Kd3 Ke5 55. e3 Kd5 56. e4+ Ke5 57. Ke3 1-0

[Event "Vimercate op 5th"]
[Site "Vimercate"]
[Date "2011.11.25"]
[Round "1"]
[White "Riboldi, Raffaele"]
[Black "Ruggeri, Igor"]
[Result "1-0"]
[WhiteElo "1887"]
[BlackElo "1534"]
[PlyCount "81"]
[EventDate "2011.11.25"]
[EventType "swiss"]
[EventRounds "5"]
[EventCountry "ITA"]
[SourceTitle "EXT 2014"]
[Source "ChessBase"]
[SourceDate "2013.11.20"]
[SourceVersion "1"]
[SourceVersionDate "2013.11.20"]
[SourceQuality "1"]

1. d4 d5 2. c4 e6 3. Nc3 Nf6 4. cxd5 exd5 5. Bg5 Be7 6. e3 0-0 7. Bd3 c5 8. Nge2 Be6 9. 0-0 Nbd7 10. Rc1 a6 11. a4 c4 12. Bb1 b5 13. axb5 axb5 14. Nxb5 Qb6 15. Nbc3 Rfb8 16. Bc2 Qxb2 17. Bf4 Rc8 18. Rb1 Qa3 19. Nb5 Qa5 20. Nec3 Bb4 21. Qd2 Bxc3 22. Nxc3 Qd8 23. Rb7 Nh5 24. Bd6 Nf8 25. Be7 Qa5 26. Rfb1 Rc7 27. Bb4 Rxb7 28. Bxa5 Rba7 29. Bb6 Ra1 30. Qd1 Rxb1 31. Bxb1 g6 32. g4 Nf6 33. f3 N8d7 34. Bc7 Ra3 35. Qc1 Ra7 36. Bf4 Nb6 37. Qb2 Nfd7 38. e4 dxe4 39. Bxe4 Na4 40. Nxa4 Rxa4 41. d5 1-0

[Event "Arvier Amatori op 1st"]
[Site "Arvier"]
[Date "2011.01.09"]
[Round "7"]
[White "Riboldi, Raffaele"]
[Black "Serrajotto, Marino"]
[Result "0-1"]
[WhiteElo "1928"]
[BlackElo "1832"]
[PlyCount "52"]
[EventDate "2011.01.03"]
[EventType "swiss"]
[EventRounds "7"]
[EventCountry "ITA"]
[SourceTitle "EXT 2012"]
[Source "ChessBase"]
[SourceDate "2011.11.24"]
[SourceVersion "1"]
[SourceVersionDate "2011.11.24"]
[SourceQuality "1"]

1. d4 d5 2. c4 Bf5 3. Nc3 e6 4. Nf3 Nf6 5. Bg5 Be7 6. e3 Nc6 7. Rc1 0-0 8. Nh4 Be4 9. f3 Bg6 10. Nxg6 hxg6 11. Bd3 Nb4 12. Be2 dxc4 13. Bxc4 Nfd5 14. Bxe7 Qxe7 15. Bxd5 Nxd5 16. e4 Nb6 17. 0-0 c6 18. Qe2 Rfe8 19. a4 Qb4 20. a5 Qxa5 21. Ra1 Qb4 22. Qf2 a6 23. Rfd1 Rad8 24. e5 Rd7 25. Ne4 Red8 26. Nc5 Qxc5 0-1

[Event "Crema op 12th"]
[Site "Crema "]
[Date "2010.09.05"]
[Round "2"]
[White "Gagliardi, Christian"]
[Black "Riboldi, Raffaele"]
[Result "1-0"]
[WhiteElo "2192"]
[BlackElo "1923"]
[PlyCount "61"]
[EventDate "2010.09.05"]
[EventType "swiss"]
[EventRounds "6"]
[EventCountry "ITA"]
[SourceTitle "EXT 2012"]
[Source "ChessBase"]
[SourceDate "2011.11.24"]
[SourceVersion "1"]
[SourceVersionDate "2011.11.24"]
[SourceQuality "1"]

1. e4 e6 2. d3 c5 3. Nf3 Nc6 4. g3 g6 5. Bg2 Bg7 6. 0-0 Nge7 7. c3 d6 8. d4 0-0 9. dxc5 dxc5 10. Qe2 e5 11. Be3 b6 12. a4 a5 13. Rd1 Qc7 14. Na3 Ba6 15. Qc2 Rad8 16. Bf1 Rxd1 17. Rxd1 Bxf1 18. Kxf1 Rd8 19. Kg2 Rxd1 20. Qxd1 Qd8 21. Qb3 Nc8 22. Nd2 Kf8 23. Qb5 N6a7 24. Qa6 Nc6 25. Bxc5+ Kg8 26. Be3 Bf8 27. Nac4 Nb8 28. Qb5 Nd7 29. Nxe5 Nxe5 30. Qxe5 Bg7 31. Qb8 1-0

[Event "Senigallia op-A"]
[Site "Senigallia"]
[Date "2010.07.31"]
[Round "7"]
[White "Calza, Gabriele"]
[Black "Riboldi, Raffaele"]
[Result "1/2-1/2"]
[WhiteElo "1992"]
[BlackElo "1911"]
[PlyCount "74"]
[EventDate "2010.07.25"]
[EventType "swiss"]
[EventRounds "7"]
[EventCountry "ITA"]
[SourceTitle "CBM 137 Extra"]
[Source "ChessBase"]
[SourceDate "2010.09.01"]
[SourceVersion "1"]
[SourceVersionDate "2010.09.01"]
[SourceQuality "1"]

1. Nf3 d5 2. c4 d4 3. g3 c5 4. Bg2 Nc6 5. 0-0 e5 6. d3 Nge7 7. e3 Ng6 8. exd4 exd4 9. Re1+ Be7 10. Nbd2 0-0 11. Ne4 h6 12. a3 a5 13. b3 Bf5 14. h3 Qd7 15. g4 Be6 16. g5 Bxh3 17. gxh6 Bxg2 18. Kxg2 Qg4+ 19. Ng3 f5 20. Kf1 Rae8 21. Ng1 Qxd1 22. Rxd1 f4 23. hxg7 Kxg7 24. Ne4 f3 25. Ke1 Nce5 26. Kd2 b6 27. Nh3 Rh8 28. Nhg5 Bxg5+ 29. Nxg5 Nxc4+ 30. Kc2 Re2+ 31. Bd2 Nxd2 32. Rxd2 Rxd2+ 33. Kxd2 Rh2 34. Ne4 Ne5 35. Rg1+ Rg2 36. Rh1 Ng4 37. Ke1 Ne5 1/2-1/2

[Event "Ceriano Laghetto op-B 18th"]
[Site "Ceriano Laghetto"]
[Date "2009.03.29"]
[Round "4"]
[White "Colombo, Samuel"]
[Black "Riboldi, Raffaele"]
[Result "1/2-1/2"]
[WhiteElo "1781"]
[BlackElo "1926"]
[PlyCount "42"]
[EventDate "2009.03.27"]
[EventType "swiss"]
[EventRounds "5"]
[EventCountry "ITA"]
[SourceTitle "EXT 2011"]
[Source "ChessBase"]
[SourceDate "2010.11.26"]
[SourceVersion "1"]
[SourceVersionDate "2010.11.26"]
[SourceQuality "1"]

1. Nf3 d5 2. g3 c5 3. d3 Nc6 4. Nbd2 e5 5. e4 d4 6. Nc4 f6 7. a4 Nge7 8. Nh4 Be6 9. b3 Qd7 10. f4 Bg4 11. Nf3 exf4 12. Bxf4 Ng6 13. Bd2 0-0-0 14. Qe2 Nge5 15. Bg2 Be7 16. h3 Be6 17. Nfxe5 fxe5 18. Bf3 Rdf8 19. 0-0-0 Rf7 20. Rdf1 Rhf8 21. Bg2 Rxf1+ 1/2-1/2

[Event "Ceriano Laghetto op-B 18th"]
[Site "Ceriano Laghetto"]
[Date "2009.03.28"]
[Round "3"]
[White "Riboldi, Raffaele"]
[Black "Veronelli, Franco"]
[Result "1-0"]
[WhiteElo "1926"]
[BlackElo "1617"]
[PlyCount "97"]
[EventDate "2009.03.27"]
[EventType "swiss"]
[EventRounds "5"]
[EventCountry "ITA"]
[SourceTitle "EXT 2011"]
[Source "ChessBase"]
[SourceDate "2010.11.26"]
[SourceVersion "1"]
[SourceVersionDate "2010.11.26"]
[SourceQuality "1"]

1. d4 d5 2. c4 e6 3. Nc3 c5 4. Nf3 Nc6 5. cxd5 exd5 6. g3 Nf6 7. Bg2 Be7 8. 0-0 0-0 9. a3 Bf5 10. dxc5 Bxc5 11. b4 Be7 12. Nd4 Bg6 13. Bb2 Ne5 14. Qb3 Nc4 15. Bc1 a6 16. Rd1 Nb6 17. Bg5 Ne4 18. Bxe7 Qxe7 19. Nxd5 Nxd5 20. Qxd5 Nc3 21. Qxb7 Qxb7 22. Bxb7 Rab8 23. Rac1 Nxe2+ 24. Nxe2 Rxb7 25. Rc5 Re8 26. Nf4 Rbe7 27. Nxg6 hxg6 28. Rdc1 Re6 29. Kf1 Kf8 30. Rc8 Rxc8 31. Rxc8+ Ke7 32. Rc7+ Kf6 33. f3 g5 34. Kf2 Kg6 35. Rc4 f5 36. h3 Kf6 37. a4 g6 38. b5 Ke7 39. Rc7+ Kd8 40. Rc5 axb5 41. axb5 Kd7 42. g4 Kd6 43. Rc6+ Kd7 44. Rxe6 Kxe6 45. gxf5+ gxf5 46. Ke3 Kd5 47. f4 g4 48. hxg4 fxg4 49. f5 1-0

[Event "Gorgonzola op-B 12th"]
[Site "Gorgonzola"]
[Date "2007.11.18"]
[Round "5"]
[White "Riboldi, Raffaele"]
[Black "Quagliarella, Sabino Remo"]
[Result "0-1"]
[WhiteElo "1884"]
[BlackElo "1950"]
[PlyCount "50"]
[EventDate "2007.11.10"]
[EventType "swiss"]
[EventRounds "6"]
[EventCountry "ITA"]
[SourceTitle "EXT 2010"]
[Source "ChessBase"]
[SourceDate "2010.11.25"]
[SourceVersion "1"]
[SourceVersionDate "2010.11.25"]
[SourceQuality "1"]

1. d4 Nf6 2. c4 c5 3. d5 b5 4. Nf3 d6 5. Qc2 bxc4 6. e4 Ba6 7. Bxc4 Bxc4 8. Qxc4 Qa5+ 9. Bd2 Qa6 10. Qxa6 Nxa6 11. Nc3 g6 12. 0-0 Bg7 13. Rfe1 Nb4 14. Re2 0-0 15. Ne1 Nd7 16. a3 Na6 17. f4 Rab8 18. Be3 Rb3 19. Rc2 Rfb8 20. Ra2 Nb6 21. Nd3 Nc4 22. Bf2 Nxb2 23. Raxb2 Bxc3 24. Ra2 Rb1+ 25. Nc1 Bd2 0-1

[Event "Gorgonzola op-B 12th"]
[Site "Gorgonzola"]
[Date "2007.11.10"]
[Round "1"]
[White "Carbone, Lorenzo"]
[Black "Riboldi, Raffaele"]
[Result "0-1"]
[WhiteElo "1755"]
[BlackElo "1884"]
[PlyCount "80"]
[EventDate "2007.11.10"]
[EventType "swiss"]
[EventRounds "6"]
[EventCountry "ITA"]
[SourceTitle "EXT 2010"]
[Source "ChessBase"]
[SourceDate "2010.11.25"]
[SourceVersion "1"]
[SourceVersionDate "2010.11.25"]
[SourceQuality "1"]

1. e4 e6 2. Nf3 d5 3. exd5 exd5 4. d4 Bd6 5. h3 Nc6 6. a3 Nge7 7. Bd3 Bf5 8. 0-0 Qd7 9. Nc3 0-0 10. Nb5 Rae8 11. Nxd6 Qxd6 12. Be3 Bxd3 13. Qxd3 Qg6 14. Rad1 Qxd3 15. Rxd3 Nf5 16. Re1 Re7 17. g4 Nd6 18. Nd2 Rfe8 19. f4 Nc4 20. Nf1 Nxb2 21. Rb3 Nc4 22. Kf2 Nxd4 23. Rc3 Nb5 24. Rb3 Nbxa3 25. Rc1 b6 26. Rd3 c6 27. f5 Nb5 28. Bg5 f6 29. Bf4 Re4 30. Bg3 a5 31. Nh2 a4 32. Nf3 a3 33. g5 Kf7 34. h4 a2 35. h5 Re2+ 36. Kg1 Ne3 37. g6+ hxg6 38. hxg6+ Kf8 39. Ne1 Nxc2 40. Nxc2 Rxc2 0-1

[Event "Bratto Martesana op"]
[Site "Bratto"]
[Date "2006.11.11"]
[Round "1"]
[White "Santandrea, Marco"]
[Black "Riboldi, Raffaele"]
[Result "1-0"]
[WhiteElo "1829"]
[BlackElo "1927"]
[PlyCount "89"]
[EventDate "2006.11.11"]
[EventType "swiss"]
[EventRounds "6"]
[EventCountry "ITA"]
[SourceTitle "EXT 2008"]
[Source "ChessBase"]
[SourceDate "2007.11.25"]
[SourceVersion "1"]
[SourceVersionDate "2007.11.25"]
[SourceQuality "1"]

1. e4 e6 2. d4 d5 3. Nd2 c5 4. c3 Nc6 5. Ngf3 Bd6 6. exd5 exd5 7. dxc5 Bxc5 8. Nb3 Bb6 9. Bd3 Nge7 10. 0-0 Bg4 11. Bf4 h6 12. Rc1 0-0 13. Bb1 Qd7 14. Qd3 Bf5 15. Qd2 Rad8 16. Nbd4 Bxb1 17. Rxb1 Nf5 18. Nxc6 bxc6 19. Ne5 Qb7 20. Qc2 Nd6 21. b4 Ne4 22. Nd3 Rfe8 23. Nc5 Bxc5 24. bxc5 Qe7 25. Be3 Nxc5 26. h3 Ne4 27. Rb3 Rb8 28. Rfb1 Qc7 29. Qb2 Rxb3 30. Qxb3 c5 31. Qb7 Rc8 32. Rb3 Nxc3 33. Qxc7 Ne2+ 34. Kf1 Rxc7 35. Kxe2 Kf8 36. Rc3 c4 37. Ra3 Ke8 38. Rxa7 Kd7 39. Rxc7+ Kxc7 40. Kd2 Kc6 41. a4 h5 42. Kc3 g6 43. Kb4 f5 44. f3 Kd6 45. Bd4 1-0

[Event "Brianza-ch"]
[Site "Monza"]
[Date "2006.02.09"]
[Round "3"]
[White "Riboldi, Raffaele"]
[Black "Zanellato, Lorenzo"]
[Result "0-1"]
[WhiteElo "1920"]
[BlackElo "2100"]
[PlyCount "54"]
[EventDate "2006.02.01"]
[EventType "swiss"]
[EventRounds "9"]
[EventCountry "ITA"]
[SourceTitle "EXT 2007"]
[Source "ChessBase"]
[SourceDate "2006.11.23"]
[SourceVersion "1"]
[SourceVersionDate "2006.11.23"]
[SourceQuality "1"]

1. d4 d5 2. c4 c6 3. cxd5 cxd5 4. Nc3 e5 5. Nf3 e4 6. Nd2 Nc6 7. e3 Nf6 8. Be2 Bd6 9. Qb3 Bb8 10. f4 0-0 11. 0-0 Ne7 12. Qd1 Nf5 13. Nb3 a5 14. a4 Qb6 15. g4 Ne7 16. Nc5 Bd6 17. b4 axb4 18. Nb5 Bxc5 19. a5 Rxa5 20. dxc5 Qd8 21. Rxa5 Qxa5 22. Bb2 Bd7 23. g5 Bxb5 24. gxf6 Bxe2 25. Qxe2 Nf5 26. Kh1 Qa6 27. Qg4 Qxf1+ 0-1